| 000 | 00510nam a2200181Ia 4500 | ||
|---|---|---|---|
| 008 | 140626s9999 xx 000 0 und d | ||
| 100 | _aViscondo, Jennette. | ||
| 245 |
_aPhilippine Eagle Center : _b home of Pag-asa / _cJennette Viscondo. |
||
| 260 | _cc2013. | ||
| 300 | _a7 : 2, page 49 | ||
| 440 | _aSide Trip | ||
| 521 | _aTOU | ||
| 650 | _aAnimal care. | ||
| 650 | _aAnimal protection. | ||
| 650 | _aPhilippine eagle center. | ||
| 650 | _aPhilippine monkey-eating eagle sanctuary. | ||
| 942 | _cSE | ||
| 999 |
_c121144 _d121144 |
||